| 000 | 01163nam a22002897a 4500 | ||
|---|---|---|---|
| 005 | 20160330020002.0 | ||
| 008 | 150609b2013 ck ||||| |||| 00| 0 spa d | ||
| 020 | _a9789585829602 | ||
| 040 |
_aCo-BoIAVH _cCo-BoIAVH |
||
| 041 | 0 | _aspa | |
| 044 | _ack | ||
| 082 | 4 |
_a577.506 _bE64p |
|
| 110 | 1 | _aEmpresas Públicas de Medellín-EPM | |
| 245 | 1 |
_aPorce III proyecto hidroeléctrico: _bGestión Ambiental (Tomo I)/ _cEmpresas Públicas de Medellín-EPM |
|
| 250 | _a1a. Ed. | ||
| 260 | 3 |
_aMedellín: _bEmpresas Públicas de Medellín, _c2013. |
|
| 300 |
_a283 p. _btab., il., fot, col. _c24x17 cm. |
||
| 490 | _aPorce III proyecto hidroeléctrico | ||
| 504 | _aIncluye bibliografía. | ||
| 520 | _aSe relatan en esta serie de documentos los procesos de gestión ambiental y social que se dieron a raíz del desarrollo de la hidroeléctrica Porce III. | ||
| 650 | 4 |
_aMedio ambiente natural _zAntioquia |
|
| 650 | 4 |
_aProyecto de desarrollo _zAntioquia |
|
| 650 | 4 |
_aConservación ambiental _zAntioquia |
|
| 700 | 1 |
_aMesa, Jorge _eCoordinador |
|
| 700 | 1 |
_aHerrera, Hugo _eCoordinador |
|
| 942 |
_2ddc _cLIBRO _01 |
||
| 999 |
_c17456 _d17456 |
||